000 01074nam a22002537a 4500
005 20170124102943.0
010 _aB-008986
020 _c100.00
_a8186116435
035 _aB-008986
037 _bCen Lib/Ret
040 _aDPL
_bHN
082 _a822
_bसुदर्श
100 _aसुदर्शन पानीपती
_942466
245 _aअधूरे खाके : लघु नाटक संकलन /
_cसुदर्शन पानीपती
246 _aAdhūre khāke : laghu nāṭaka saṅkalana /
_bby Sudarshan Panipati
260 _aजयपुर
_bरचना प्रकाशन
_c1999
270 _a57, नाटानी भवन, चन्द्र पोल, बाज़ार
_bजयपुर
_e302001
300 _a120पृ.
_c21सेमी (सजिल्द)
650 _aहिन्दी साहित्य
_948898
650 _aलघु नाटक
_93671
650 _aHindi Literature
_948899
650 _aShort drama
_948900
942 _2ddc
_cHN
_h822
_mसुदर्श
999 _c112721
_d112721